000 00581nam a22002417a 4500
003 UA-OsUOA
001 20424
007 ta
008 20031028b un ||||| |||| 00| 0 ukr d
100 _aТрешников А.Ф.
090 _a910.4 (40+571:9)
_bТ66
942 _cBK
040 _aUA-OsUOA
_brus
_cUA-OsUOA
_dUA-OsUOA
245 _aМои полярные путешествия
300 _a475 с.
955 _a0
041 _arus
080 _a910.4 (40+571:9)
260 _aМосква
_bМысль
_c1985
044 _aRU
650 7 _2UDC
999 _c306601
_d306601